00870nam a2200241Ia 450000100060000000300090000600800410001504000130005604000130006904100130008210000190009510000290011424500410014324500410018425000110022526000110023626000340024726000490028130000430033050001970037365000270057065000310059720037IT-RoPAU130308s9999 xx 000 0 und d aIT-RoPAU cIT-RoPAU aITALIANO aChiarini Paolo gCodice Aut. SPICS: 8085 aBrecht e la dialettica del paradosso bBrecht e la Dialettica del Paradosso a1a ed. aVARESE bIstituto Editoriale Cisalpino c1969 [1° Ed.:1969 - Ed.Ling.Originale:1969] a"168 p. (prefazione: no ; testo: 168)" aBrecht e l'espressionismo Brecht e Il Dadaismo Funzione dell'arte Poesia e Ideologia Linguaggio Poetico di Brecht Brecht e Pirandello Arte e impegno Note su la Resistibile Ascesa di Arturo Ui aAUTORI/OPERE DI TEATRO eCodice materia Spics: 8407